दस प्रतिनिधि कहानियॉं (Record no. 299178)

MARC details
000 -LEADER
fixed length control field 01172nam a2200265Ia 4500
003 - CONTROL NUMBER IDENTIFIER
control field OSt
005 - DATE AND TIME OF LATEST TRANSACTION
control field 20220923211414.0
008 - FIXED-LENGTH DATA ELEMENTS--GENERAL INFORMATION
fixed length control field 220922b |||||||| |||| 00| 0 urd d
020 ## - INTERNATIONAL STANDARD BOOK NUMBER
International Standard Book Number 9788190820462 (hbk)
037 ## - SOURCE OF ACQUISITION
Terms of availability Textual
040 ## - CATALOGING SOURCE
Original cataloging agency ARTS
Transcribing agency ARTS
Language of cataloging urd
041 ## - LANGUAGE CODE
Source of code urd
Language code of text/sound track or separate title urd
100 ## - MAIN ENTRY--PERSONAL NAME
Personal name हैदर, क़ुर्रतुलऐन; उपाध्याय, राजेन्द्र, संपा.
9 (RLIN) 160391
245 #0 - TITLE STATEMENT
Title दस प्रतिनिधि कहानियॉं
246 ## - VARYING FORM OF TITLE
Title proper/short title Das pratinidhi kahāniyaॉan
260 ## - PUBLICATION, DISTRIBUTION, ETC.
Place of publication, distribution, etc. नयी दिल्ली
Name of publisher, distributor, etc. किताबघर प्रकाशन
Date of publication, distribution, etc. 2009
300 ## - PHYSICAL DESCRIPTION
Extent 176पृ0
Dimensions cm.
490 ## - SERIES STATEMENT
Series statement दस प्रतिनिधि कहानियॉं सीरीज़
942 ## - ADDED ENTRY ELEMENTS (KOHA)
Classification part O168,3N27x, 152P9
Koha item type Textual
Source of classification or shelving scheme Colon Classification (CC)
Holdings
Withdrawn status Lost status Damaged status Not for loan Home library Current library Date acquired Source of acquisition Cost, normal purchase price Total Checkouts Full call number Barcode Date last seen Cost, replacement price Price effective from Koha item type
        Arts Library Arts Library 2022-09-23 IN-01143, 16/02/2011, Kitab Ghar Prakashan 195.00   O168,3N27x 152P9 AL1296543 2022-09-23 195.00 2022-09-23 Textual
Copyright @ Delhi University Library System